Cơ ứng dụng trong kỹ thuật

Đã lưu trong:
書目詳細資料
主要作者: Đặng Việt Cương
格式: 圖書
語言:Vietnamese
出版: Khoa học kỹ thuật 2005
主題:
標簽: 添加標簽
沒有標簽, 成為第一個標記此記錄!
Thư viện lưu trữ: Mạng thư viện Đại học Đà Nẵng
LEADER 00978nam a2200313 a 4500
001 000002597
003 00575
005 20171229145311.0
008 171229s2005 vie
040 |a LSK 
041 0 |a VIE 
082 0 |a 620.105  |b ĐĂ-C 
100 1 |a Đặng Việt Cương 
245 0 0 |a Cơ ứng dụng trong kỹ thuật 
260 |b Khoa học kỹ thuật  |c 2005 
300 |a 362 pages  |c 24 cm. 
653 |a Cơ học ứng dụng 
852 |a Phòng Đọc 
901 |a 1 
927 |a Sách tham khảo 
OWN |a LSK 
AVA |a UDN50  |b LSK  |d 620.105 ĐĂ-C  |e available  |t Error 5001 Not defined in file expand_doc_bib_avail.  |f 1  |g 0  |h N  |i 0  |k 1 
999 |a From the UDN01 
AVA |a UDN50  |b LSK  |d 620.105 ĐĂ-C  |e available  |t Error 5001 Not defined in file expand_doc_bib_avail.  |f 1  |g 0  |h N  |i 0  |k 1 
TYP |a Monograph 
TYP |a Printed language 
980 |a Mạng thư viện Đại học Đà Nẵng